[Event "Madrid ch - Previa A 2013"]
[Site "Madrid ESP"]
[Date "2013.02.04"]
[Round "1.1"]
[White "Roldan Garcia, Angel"]
[Black "Camarero Izquierdo, Juan Carlos"]
[Result "0-1"]
[WhiteElo "1748"]
[BlackElo "1922"]
[PlyCount "82"]
[EventDate "2013.02.04"]
[EventType "swiss"]
[EventRounds "9"]
[EventCountry "ESP"]
[Source "lmi"]
[SourceDate "2013.02.04"]

1. e4 c5 2. Nf3 d6 3. c3 Nf6 4. Be2 Nc6 5. d3 g6 6. O-O Bg7 7. d4 Nxe4 8. d5 f5
9. dxc6 bxc6 10. Nbd2 e5 11. Qa4 Nxd2 12. Bxd2 e4 13. Ne1 Bd7 14. f3 d5 15.
fxe4 fxe4 16. Bf4 O-O 17. Qd1 Qh4 18. g3 Qh3 19. Nc2 h5 20. Bd6 h4 21. Rxf8+
Bxf8 22. Bf1 Qe6 23. Bf4 Bg7 24. Qd2 Rf8 25. Qe3 Be5 26. Bxe5 Qxe5 27. Bg2 h3
28. Bh1 Qf6 29. Qxc5 Bc8 30. Qd4 Qf5 31. Qe3 Ba6 32. Qe1 c5 33. Ne3 Qe5 34. Qd2
d4 35. cxd4 cxd4 36. Ng4 Qb5 37. Qe1 e3 38. Be4 e2 39. Nf2 Qe5 40. Bc2 Qe3 41.
Bxg6 d3 0-1

[Event "Madrid ch - Previa A 2013"]
[Site "Madrid ESP"]
[Date "2013.02.04"]
[Round "1.2"]
[White "Ruiz Quevedo, Andres"]
[Black "Maseda Iglesias, Luis"]
[Result "1-0"]
[WhiteElo "1917"]
[BlackElo "1747"]
[PlyCount "165"]
[EventDate "2013.02.04"]
[EventType "swiss"]
[EventRounds "9"]
[EventCountry "ESP"]
[Source "lmi"]
[SourceDate "2013.02.04"]

1. c4 c5 2. Nc3 Nc6 3. Nf3 Nf6 4. g3 d5 5. cxd5 Nxd5 6. Bg2 g6 7. O-O Bg7 8.
Rb1 O-O 9. a3 Bf5 10. d3 Nxc3 11. bxc3 Qc7 12. c4 Rad8 13. Rb5 b6 14. Bb2 e5
15. Qa1 Rfe8 16. Bc3 Nd4 17. Bxd4 exd4 18. Re1 Re7 19. Qb2 Rde8 20. Kf1 Bd7 21.
Nd2 Bxb5 22. cxb5 Qe5 23. Nc4 Qh5 24. h4 Bh6 25. Bf3 Qf5 26. Nd6 Qe6 27. Nxe8
Rxe8 28. Kg2 Re7 29. a4 Bg7 30. Rc1 Bh6 31. Rc2 Kf8 32. Rc4 f5 33. a5 g5 34.
hxg5 Bxg5 35. axb6 axb6 36. Qa1 Bd2 37. Qa8+ Kg7 38. Rc2 Ba5 39. Rc1 Bd2 40.
Rh1 h6 41. Rd1 Bc3 42. Rh1 Bd2 43. Rh5 Bc3 44. Bd5 Re8 45. Bxe6 Rxa8 46. Bxf5
Ra2 47. Kf3 Rb2 48. Bd7 Bd2 49. Re5 Rb1 50. Re7+ Kf8 51. Re6 Rb2 52. Rxb6 Ke7
53. Bc6 Rb3 54. Bd5 Rb2 55. Bc4 Kd7 56. Rg6 Kc7 57. Re6 Kd7 58. Re4 Kd6 59. Kg4
Bg5 60. f4 Bd8 61. Kh5 Rb1 62. Kxh6 Rh1+ 63. Kg6 Rg1 64. Re6+ Kc7 65. Rc6+ Kb7
66. Rxc5 Rxg3+ 67. Kf5 Rh3 68. Re5 Bc7 69. Re4 Rh2 70. Bd5+ Kb6 71. Bc6 Kc5 72.
Re8 Rh4 73. Re4 Bd6 74. Kg5 Rh2 75. f5 Rg2+ 76. Kf6 Rf2 77. Ke6 Rh2 78. f6 Rh6
79. Bd5 Bf8 80. b6 Kxb6 81. Rxd4 Rh2 82. Bf3 Rh7 83. Rd8 1-0

[Event "Madrid ch - Previa A 2013"]
[Site "Madrid ESP"]
[Date "2013.02.04"]
[Round "1.3"]
[White "Prieto Saiz, Carlos Francisco"]
[Black "Lopez Heras, Arturo"]
[Result "0-1"]
[WhiteElo "1740"]
[BlackElo "1917"]
[PlyCount "60"]
[EventDate "2013.02.04"]
[EventType "swiss"]
[EventRounds "9"]
[EventCountry "ESP"]
[Source "lmi"]
[SourceDate "2013.02.04"]

1. d4 Nf6 2. Nf3 d5 3. c4 g6 4. Nc3 Bg7 5. Bf4 O-O 6. e3 c5 7. Qb3 dxc4 8. Qxc4
cxd4 9. Nxd4 Ne8 10. Bg3 Nd6 11. Qb4 e5 12. Nf3 Nc6 13. Qc5 Qb6 14. Qxb6 axb6
15. h3 Nf5 16. Bh2 Re8 17. Nd2 Nb4 18. Bb5 Rd8 19. Ba4 b5 20. Bb3 Nd3+ 21. Ke2
b4 22. Nce4 Nxb2 23. Rab1 Na4 24. Rhc1 Bd7 25. g4 Nh6 26. Nc5 Nc3+ 27. Ke1 Nxb1
28. Rxb1 Bc6 29. e4 Kf8 30. f3 b6 0-1

[Event "Madrid ch - Previa A 2013"]
[Site "Madrid ESP"]
[Date "2013.02.04"]
[Round "1.4"]
[White "Rosa Ramirez, Victor D"]
[Black "Martinez Miura, Enrique"]
[Result "1-0"]
[WhiteElo "1911"]
[BlackElo "1733"]
[PlyCount "35"]
[EventDate "2013.02.04"]
[EventType "swiss"]
[EventRounds "9"]
[EventCountry "ESP"]
[Source "lmi"]
[SourceDate "2013.02.04"]

1. e4 e6 2. d4 d5 3. e5 c5 4. c3 cxd4 5. cxd4 Nc6 6. Nf3 Nge7 7. a3 Nf5 8. b4
a6 9. Be3 Nxe3 10. fxe3 Be7 11. Bd3 O-O 12. O-O f5 13. exf6 Bxf6 14. Nc3 e5 15.
Nxe5 Nxe5 16. dxe5 Bxe5 17. Qh5 Bf6 18. Bxh7+ 1-0

[Event "Madrid ch - Previa A 2013"]
[Site "Madrid ESP"]
[Date "2013.02.04"]
[Round "1.5"]
[White "Beekhof Harmsen, Willen"]
[Black "Espana Amoros, Carlos"]
[Result "0-1"]
[WhiteElo "1725"]
[BlackElo "1903"]
[PlyCount "120"]
[EventDate "2013.02.04"]
[EventType "swiss"]
[EventRounds "9"]
[EventCountry "ESP"]
[Source "lmi"]
[SourceDate "2013.02.04"]

1. d4 Nf6 2. Nf3 e6 3. c4 b6 4. Nc3 Bb4 5. a3 Bxc3+ 6. bxc3 Ba6 7. e3 O-O 8.
Qc2 d6 9. Bd3 Nbd7 10. e4 e5 11. Bg5 Re8 12. O-O-O c5 13. d5 Nf8 14. Nd2 Ng6
15. h4 h6 16. h5 Nf8 17. Bh4 Bc8 18. g4 Bxg4 19. Rdg1 Bxh5 20. Bxf6 Qxf6 21.
Rxh5 Qxf2 22. Rf1 Qe3 23. Rhf5 Ng6 24. R5f3 Qg5 25. Qd1 Nf4 26. Kc2 Qe7 27. Rh1
Qg5 28. Rg1 Qf6 29. Nf1 Kf8 30. Ne3 g6 31. Ng2 Ke7 32. Nxf4 exf4 33. e5 dxe5
34. Be4 Kd6 35. Rh3 Rh8 36. Bxg6 fxg6 37. Qd3 g5 38. Rgh1 Rag8 39. Kd2 Qg6 40.
Qe2 e4 41. Qh2 e3+ 42. Kc1 h5 43. Rxe3 Kd7 44. Re6 Qd3 45. Qh3 Qxh3 46. Rxh3 g4
47. Rh1 g3 48. Rf6 Rf8 49. Rxf8 Rxf8 50. Rxh5 g2 51. Rh7+ Kd6 52. Rh6+ Kd7 53.
Rh7+ Kd8 54. Rg7 f3 55. Rxa7 g1=Q+ 56. Kb2 Qh2+ 57. Kb3 f2 58. Ka4 f1=Q 59. Kb5
Qb1+ 60. Kc6 Qh6+ 0-1

[Event "Madrid ch - Previa A 2013"]
[Site "Madrid ESP"]
[Date "2013.02.04"]
[Round "1.6"]
[White "Santacruz Molina, Ildefonso"]
[Black "Tsakas, Nikolaos"]
[Result "0-1"]
[WhiteElo "1885"]
[BlackElo "1720"]
[PlyCount "48"]
[EventDate "2013.02.04"]
[EventType "swiss"]
[EventRounds "9"]
[EventCountry "ESP"]
[Source "lmi"]
[SourceDate "2013.02.04"]

1. d4 Nf6 2. Nc3 d5 3. Bg5 e6 4. e3 Be7 5. Bb5+ Nbd7 6. f4 a6 7. Bxd7+ Nxd7 8.
Nf3 f6 9. Bh4 b5 10. O-O Nb6 11. Qe1 Nc4 12. b3 Nd6 13. e4 dxe4 14. Nxe4 Nxe4
15. Qxe4 Qd5 16. Qe2 O-O 17. f5 e5 18. Rad1 e4 19. Ne5 fxe5 20. Bxe7 Rxf5 21.
dxe5 Qxe5 22. Rd8+ Kf7 23. Bh4 Ke6 24. Bg5 Qc5+ 0-1

[Event "Madrid ch - Previa A 2013"]
[Site "Madrid ESP"]
[Date "2013.02.04"]
[Round "1.7"]
[White "Fernandez Martinez, Jose"]
[Black "Perez Cameselle, Francisco"]
[Result "0-1"]
[WhiteElo "1707"]
[BlackElo "1885"]
[PlyCount "52"]
[EventDate "2013.02.04"]
[EventType "swiss"]
[EventRounds "9"]
[EventCountry "ESP"]
[Source "lmi"]
[SourceDate "2013.02.04"]

1. d4 Nf6 2. c4 c5 3. d5 e6 4. Nc3 exd5 5. cxd5 d6 6. e4 g6 7. Be2 Bg7 8. Nf3
O-O 9. O-O Re8 10. Qc2 Na6 11. a3 Nc7 12. Bg5 h6 13. Bf4 g5 14. Bc1 b5 15. Rb1
b4 16. Nd1 Nxe4 17. Ne3 Bb7 18. Bc4 Qd7 19. Bd2 a5 20. axb4 axb4 21. Rfd1 f5
22. Be1 f4 23. Nf1 Ba6 24. N1d2 Nf6 25. Nb3 Bxc4 26. Qxc4 Qf7 0-1

[Event "Madrid ch - Previa A 2013"]
[Site "Madrid ESP"]
[Date "2013.02.04"]
[Round "1.8"]
[White "Martin-Consuegra Barrilero, Francisco Javier"]
[Black "Lucia Carpintero, Oscar"]
[Result "1-0"]
[WhiteElo "1883"]
[BlackElo "1683"]
[PlyCount "69"]
[EventDate "2013.02.04"]
[EventType "swiss"]
[EventRounds "9"]
[EventCountry "ESP"]
[Source "lmi"]
[SourceDate "2013.02.04"]

1. d4 Nf6 2. Bg5 Ne4 3. Bf4 d6 4. Nd2 Nf6 5. e3 g6 6. h3 Bg7 7. Ngf3 O-O 8. Be2
Re8 9. O-O Nh5 10. Bh2 e5 11. c3 f5 12. dxe5 dxe5 13. Nc4 Qxd1 14. Rfxd1 Nc6
15. a4 f4 16. Kf1 e4 17. Ng1 fxe3 18. Nxe3 Ne5 19. Nd5 Rf8 20. Nxc7 Rb8 21. Nd5
Be6 22. g4 Bxd5 23. gxh5 Bc4 24. Bxc4+ Nxc4 25. Bxb8 Rxb8 26. hxg6 Nxb2 27.
gxh7+ Kxh7 28. Rd7 Rf8 29. Ke2 Nd3 30. Rf1 Kg6 31. Rxd3 exd3+ 32. Kxd3 Kg5 33.
f3 Kh4 34. Ne2 Kxh3 35. Rh1+ 1-0

[Event "Madrid ch - Previa A 2013"]
[Site "Madrid ESP"]
[Date "2013.02.04"]
[Round "1.9"]
[White "Jimenez Jimenez, Darfo"]
[Black "Santamaria Baeza, Adolfo"]
[Result "0-1"]
[WhiteElo "1678"]
[BlackElo "1873"]
[PlyCount "102"]
[EventDate "2013.02.04"]
[EventType "swiss"]
[EventRounds "9"]
[EventCountry "ESP"]
[Source "lmi"]
[SourceDate "2013.02.04"]

1. e4 e5 2. Nf3 Nc6 3. d4 d6 4. dxe5 Bg4 5. Be2 dxe5 6. Nbd2 Bc5 7. O-O Nge7 8.
c3 Ng6 9. Qb3 Nf4 10. Bc4 O-O 11. Qxb7 Na5 12. Qb5 Nxc4 13. Qxc5 Nxd2 14. Nxd2
Ne2+ 15. Kh1 Nxc1 16. Raxc1 Qxd2 17. f3 Be6 18. Qxe5 Qxb2 19. Qxc7 Qxa2 20. Ra1
Qc4 21. Qxc4 Bxc4 22. Rfd1 Rfd8 23. Rd4 Rxd4 24. cxd4 a5 25. Kg1 a4 26. Ra3 Bb3
27. Kf2 Ra5 28. Ke3 Kf8 29. Kd3 f5 30. Kc3 fxe4 31. fxe4 Ke7 32. Ra1 Rh5 33. h3
Rg5 34. g4 h5 35. Rg1 hxg4 36. hxg4 Be6 37. d5 Bd7 38. Kd4 Rxg4 39. Re1 Kd6 40.
Rb1 g6 41. Rb6+ Kc7 42. Ra6 Bf5 43. Kc5 Rxe4 44. d6+ Kd8 45. Kd5 Rb4 46. Ra8+
Bc8 47. Kc5 Rf4 48. Kc6 g5 49. Ra5 Bd7+ 50. Kb6 Rb4+ 51. Kc5 Rb5+ 0-1

[Event "Madrid ch - Previa A 2013"]
[Site "Madrid ESP"]
[Date "2013.02.04"]
[Round "1.10"]
[White "Lozano Sanchez, Jose Antonio"]
[Black "Castro Uceda, Jose Antonio"]
[Result "1-0"]
[WhiteElo "1873"]
[BlackElo "1668"]
[PlyCount "89"]
[EventDate "2013.02.04"]
[EventType "swiss"]
[EventRounds "9"]
[EventCountry "ESP"]
[Source "lmi"]
[SourceDate "2013.02.04"]

1. e4 c5 2. Nf3 d6 3. Bc4 e6 4. Nc3 a6 5. a4 Nf6 6. d3 Nc6 7. Bf4 d5 8. exd5
exd5 9. Ba2 Bg4 10. h3 Bxf3 11. Qxf3 Nd4 12. Qd1 Qe7+ 13. Be3 Qe5 14. Ne2 Nf5
15. Bc1 Bd6 16. c3 O-O 17. Bf4 Qe6 18. O-O Bxf4 19. Nxf4 Qd6 20. Qf3 Ne7 21.
Rfe1 Rfe8 22. Re2 b5 23. Rae1 c4 24. dxc4 dxc4 25. Rxe7 Rad8 26. Rxe8+ Nxe8 27.
Qe3 Nf6 28. axb5 axb5 29. Bb1 Qd2 30. Be4 g5 31. Nd5 Qxe3 32. Nxf6+ Kg7 33.
Nh5+ Kh6 34. fxe3 Kxh5 35. Bxh7 Rd2 36. Rb1 Re2 37. e4 Kh6 38. Bf5 Kg7 39. Kf1
Rd2 40. Bc8 Rd8 41. Bb7 Rb8 42. Bc6 b4 43. Rc1 b3 44. Rd1 Rb6 45. Bd5 1-0

[Event "Madrid ch - Previa A 2013"]
[Site "Madrid ESP"]
[Date "2013.02.04"]
[Round "1.11"]
[White "Barragan Panal, Juan Jose"]
[Black "Morera Rodriguez, Ignacio"]
[Result "0-1"]
[WhiteElo "1666"]
[BlackElo "1863"]
[PlyCount "60"]
[EventDate "2013.02.04"]
[EventType "swiss"]
[EventRounds "9"]
[EventCountry "ESP"]
[Source "lmi"]
[SourceDate "2013.02.04"]

1. Nf3 Nf6 2. c4 g6 3. d4 Bg7 4. Nc3 d5 5. e3 O-O 6. Be2 c5 7. O-O Be6 8. Ng5
Bf5 9. cxd5 cxd4 10. e4 dxc3 11. exf5 Nxd5 12. Qb3 Nc6 13. Rd1 Nd4 14. Rxd4
Bxd4 15. Bc4 Qb6 16. Bxd5 Qxb3 17. Bxb3 cxb2 18. Bxb2 Bxb2 19. Rb1 Bf6 20. Ne4
Bg7 21. fxg6 hxg6 22. Bd5 Rfd8 23. Bb3 Rd4 24. Ng5 e6 25. f3 Rad8 26. Ne4 a5
27. Kf1 Rb4 28. Ke2 Rc8 29. Kd3 a4 30. Bc2 Rd4+ 0-1

[Event "Madrid ch - Previa A 2013"]
[Site "Madrid ESP"]
[Date "2013.02.04"]
[Round "1.12"]
[White "Barroso Barroso, Jorge"]
[Black "Perez-Nunez Castillo, Jose"]
[Result "1-0"]
[WhiteElo "1859"]
[BlackElo "1648"]
[PlyCount "69"]
[EventDate "2013.02.04"]
[EventType "swiss"]
[EventRounds "9"]
[EventCountry "ESP"]
[Source "lmi"]
[SourceDate "2013.02.04"]

1. e4 c6 2. d4 d5 3. exd5 cxd5 4. Bd3 Nc6 5. c3 Nf6 6. Bf4 e6 7. Nd2 Bd6 8.
Bxd6 Qxd6 9. Ngf3 h6 10. O-O O-O 11. Re1 Re8 12. Ne5 a6 13. Ndf3 b5 14. Nxc6
Qxc6 15. Ne5 Qd6 16. Qf3 Rf8 17. Rac1 Ra7 18. Bb1 Rc7 19. Qd3 Bd7 20. Ng4 Ne4
21. f3 f5 22. fxe4 dxe4 23. Qe2 fxg4 24. Qxe4 Rf5 25. Qe3 Rf6 26. Rf1 Rxf1+ 27.
Rxf1 g5 28. Rf6 Bc8 29. Qe4 Rg7 30. Qxg4 Qc7 31. Qe4 Qe7 32. Rxh6 Qf7 33. Rh3
Bb7 34. Qe5 Qf4 35. Qxe6+ 1-0

[Event "Madrid ch - Previa A 2013"]
[Site "Madrid ESP"]
[Date "2013.02.04"]
[Round "1.13"]
[White "Moreno Sanchez, Guillermo"]
[Black "Hernandez Gutierrez, Jose"]
[Result "1/2-1/2"]
[WhiteElo "1644"]
[BlackElo "1852"]
[PlyCount "67"]
[EventDate "2013.02.04"]
[EventType "swiss"]
[EventRounds "9"]
[EventCountry "ESP"]
[Source "lmi"]
[SourceDate "2013.02.04"]

1. d4 Nf6 2. c4 e6 3. Nc3 Bb4 4. Qc2 O-O 5. Bg5 c5 6. e3 d6 7. Nf3 Nbd7 8. Be2
Qa5 9. O-O Bxc3 10. Qxc3 Qxc3 11. bxc3 b6 12. Bf4 Ne4 13. Rac1 h6 14. h3 Ndf6
15. Rfd1 Bb7 16. Ne1 Rfd8 17. f3 Ng5 18. Bxg5 hxg5 19. Bd3 Ba6 20. Nc2 Rac8 21.
Na3 Nd7 22. Nb5 Bxb5 23. cxb5 c4 24. Be2 f5 25. e4 f4 26. Re1 e5 27. d5 Rc7 28.
Red1 a5 29. bxa6 Ra8 30. Rb1 Rxa6 31. Rd2 Ra3 32. Rc2 Rc5 33. Kf2 b5 34. Ke1
1/2-1/2

[Event "Madrid ch - Previa A 2013"]
[Site "Madrid ESP"]
[Date "2013.02.04"]
[Round "1.14"]
[White "Gonzalez Recas, Fernando"]
[Black "Martinez Carrasco, Jesus"]
[Result "1-0"]
[WhiteElo "1844"]
[BlackElo "1610"]
[PlyCount "59"]
[EventDate "2013.02.04"]
[EventType "swiss"]
[EventRounds "9"]
[EventCountry "ESP"]
[Source "lmi"]
[SourceDate "2013.02.04"]

1. e4 c5 2. Nf3 d6 3. d4 cxd4 4. Nxd4 Nf6 5. Nc3 a6 6. Bg5 e6 7. f4 Be7 8. Bd3
h6 9. Bxf6 Bxf6 10. Nf3 Nc6 11. Qd2 b5 12. a3 O-O 13. g4 Nd4 14. Nxd4 Bxd4 15.
h4 Qb6 16. Rh3 Bb7 17. O-O-O Rac8 18. Ne2 Bf6 19. g5 hxg5 20. hxg5 Bxb2+ 21.
Kxb2 Rfd8 22. Rdh1 Kf8 23. Rh8+ Ke7 24. Rxd8 Rxd8 25. Rh7 g6 26. Qc3 e5 27.
fxe5 Rc8 28. exd6+ Qxd6 29. Qd4 Rc5 30. Rxf7+ 1-0

[Event "Madrid ch - Previa A 2013"]
[Site "Madrid ESP"]
[Date "2013.02.04"]
[Round "1.15"]
[White "Zuazua Conde, Ivan Javier"]
[Black "Saber, Salah"]
[Result "0-1"]
[WhiteElo "1605"]
[BlackElo "1844"]
[PlyCount "90"]
[EventDate "2013.02.04"]
[EventType "swiss"]
[EventRounds "9"]
[EventCountry "ESP"]
[Source "lmi"]
[SourceDate "2013.02.04"]

1. d4 d6 2. c4 Nf6 3. Nc3 Bf5 4. Nf3 h6 5. h3 c6 6. e3 Nbd7 7. Bd3 Bxd3 8. Qxd3
e6 9. b3 Be7 10. Bb2 d5 11. Qe2 Bb4 12. O-O O-O 13. a3 Bxc3 14. Bxc3 Ne4 15.
Bb2 Rc8 16. Rac1 a6 17. Rfd1 Qe7 18. Rc2 Qf6 19. Nd2 Qg6 20. Nxe4 Qxe4 21. f3
Qg6 22. e4 Nf6 23. Re1 b5 24. Kh1 Nh5 25. Qf2 dxe4 26. fxe4 Ng3+ 27. Kh2 Nxe4
28. Qe3 Nf6 29. Qf2 bxc4 30. bxc4 Rb8 31. Rec1 Rb3 32. Qe2 Rfb8 33. Qf2 Ne4 34.
Qe2 Qg3+ 35. Kg1 Re3 36. Qf1 Rbb3 37. d5 exd5 38. cxd5 cxd5 39. Rc8+ Kh7 40.
Qf5+ Qg6 41. Qxg6+ Kxg6 42. R8c6+ f6 43. Bd4 Re2 44. Rxa6 Rg3 45. Ra4 Rgxg2+
0-1

[Event "Madrid ch - Previa A 2013"]
[Site "Madrid ESP"]
[Date "2013.02.04"]
[Round "1.16"]
[White "De Juan Rivas, Antonio"]
[Black "Benito Mellado, Humberto"]
[Result "1-0"]
[WhiteElo "1840"]
[BlackElo "1585"]
[PlyCount "111"]
[EventDate "2013.02.04"]
[EventType "swiss"]
[EventRounds "9"]
[EventCountry "ESP"]
[Source "lmi"]
[SourceDate "2013.02.04"]

1. e4 c5 2. c3 Nf6 3. e5 Nd5 4. d4 cxd4 5. Nf3 Qc7 6. Qb3 e6 7. Bc4 Nb6 8. Bd3
dxc3 9. Nxc3 a6 10. O-O d5 11. exd6 Bxd6 12. Be3 N8d7 13. Rac1 Qb8 14. Bxb6 Bf4
15. Rcd1 O-O 16. Ne2 Nf6 17. Nxf4 Qxf4 18. Be3 Qb8 19. Qc4 b5 20. Qh4 Bb7 21.
Bf4 Qe8 22. Ng5 h6 23. Nh3 Be4 24. Bd6 Bxd3 25. Rxd3 Qd8 26. Rfd1 Re8 27. Be5
Qe7 28. Rg3 Rad8 29. Rf1 Kf8 30. Nf4 Rd2 31. Rd3 Rxd3 32. Nxd3 Rd8 33. Bxf6
Qxf6 34. Qxf6 gxf6 35. Rd1 Ke7 36. Kf1 b4 37. Ke2 a5 38. Rc1 Kd6 39. Rc4 Rb8
40. Rh4 Rg8 41. g3 Rh8 42. Rc4 Ra8 43. Nc1 f5 44. Rh4 Rh8 45. Nb3 Rc8 46. Kd3
a4 47. Nd2 a3 48. b3 Rc3+ 49. Ke2 Rc2 50. Rxb4 Rxa2 51. Kd3 Ra1 52. Ra4 a2 53.
Kc2 Rh1 54. Rxa2 Rxh2 55. Kd3 Rxf2 56. Nc4+ 1-0

[Event "Madrid ch - Previa A 2013"]
[Site "Madrid ESP"]
[Date "2013.02.04"]
[Round "1.17"]
[White "Veuthey Martinez, Eloy"]
[Black "Fernandez Garcia, Ignacio"]
[Result "0-1"]
[WhiteElo "1584"]
[BlackElo "1835"]
[PlyCount "114"]
[EventDate "2013.02.04"]
[EventType "swiss"]
[EventRounds "9"]
[EventCountry "ESP"]
[Source "lmi"]
[SourceDate "2013.02.04"]

1. d4 Nf6 2. Nf3 d6 3. Nc3 g6 4. e4 Bg7 5. Be3 O-O 6. Qd2 Re8 7. O-O-O c6 8. e5
Ng4 9. Bf4 b5 10. h3 dxe5 11. dxe5 Qxd2+ 12. Rxd2 Nh6 13. Ne4 Be6 14. Kb1 Na6
15. c3 Bf5 16. Bd3 Rad8 17. Bc2 Rxd2 18. Nfxd2 Be6 19. g4 Bd5 20. Rd1 Nc7 21.
Nc5 Ne6 22. Nxe6 fxe6 23. Be4 Nf7 24. Bxd5 exd5 25. e6 Nd8 26. Re1 Rf8 27. Bg3
Bh6 28. Nb3 Bf4 29. Nc5 Bxg3 30. fxg3 Rf3 31. Rg1 Re3 32. Kc2 Re2+ 33. Kb3 a5
34. a4 Nxe6 35. Nxe6 Rxe6 36. axb5 cxb5 37. Ra1 Ra6 38. g5 Kf7 39. g4 Ke6 40.
h4 Kd6 41. Rf1 Ra8 42. h5 gxh5 43. gxh5 Rg8 44. Rg1 e5 45. g6 hxg6 46. h6 g5
47. h7 Rh8 48. Rxg5 Rxh7 49. Rg8 Rh4 50. Rd8+ Kc6 51. Re8 a4+ 52. Ka2 e4 53.
Rc8+ Kd6 54. Ra8 e3 55. Re8 Re4 56. Rd8+ Kc6 57. Kb1 e2 0-1

[Event "Madrid ch - Previa A 2013"]
[Site "Madrid ESP"]
[Date "2013.02.04"]
[Round "1.18"]
[White "Lopez Peral, Enrique"]
[Black "Navas Marin, Felix"]
[Result "1-0"]
[WhiteElo "1833"]
[BlackElo "1556"]
[PlyCount "55"]
[EventDate "2013.02.04"]
[EventType "swiss"]
[EventRounds "9"]
[EventCountry "ESP"]
[Source "lmi"]
[SourceDate "2013.02.04"]

1. d4 Nf6 2. Nf3 g6 3. c4 Bg7 4. Nc3 d6 5. e4 O-O 6. Be2 e5 7. dxe5 dxe5 8. Bg5
Nc6 9. Qxd8 Rxd8 10. Bxf6 Bxf6 11. Nd5 Bg7 12. Nxc7 Rb8 13. O-O Bg4 14. Rfd1
Bxf3 15. Bxf3 Nd4 16. Nd5 a6 17. b3 h5 18. Rd3 Rd6 19. g3 Kh7 20. Bg2 Rc8 21.
Bf1 b5 22. Rc3 Bf8 23. Rac1 Bh6 24. cxb5 Rxc3 25. Rxc3 axb5 26. a4 bxa4 27.
bxa4 Rd7 28. Nf6+ 1-0

[Event "Madrid ch - Previa A 2013"]
[Site "Madrid ESP"]
[Date "2013.02.04"]
[Round "1.19"]
[White "Suarez Mencia, Roberto"]
[Black "Osorio Ramos, Francisco"]
[Result "0-1"]
[WhiteElo "1555"]
[BlackElo "1831"]
[PlyCount "54"]
[EventDate "2013.02.04"]
[EventType "swiss"]
[EventRounds "9"]
[EventCountry "ESP"]
[Source "lmi"]
[SourceDate "2013.02.04"]

1. c4 c6 2. g3 Nf6 3. Bg2 d5 4. cxd5 cxd5 5. d4 Nc6 6. e3 e6 7. Ne2 Bd7 8. Nbc3
Rc8 9. a3 Na5 10. O-O Be7 11. f4 O-O 12. h3 Nc4 13. b3 Nd6 14. a4 Nde4 15. Nxe4
Nxe4 16. Bb2 Qb6 17. Bxe4 dxe4 18. Nc3 Bc6 19. f5 Bg5 20. Bc1 Bd5 21. Nxd5 exd5
22. Rb1 Qh6 23. Qg4 Bxe3+ 24. Bxe3 Qxe3+ 25. Kh1 Rc3 26. Rg1 Qf3+ 27. Qxf3 Rxf3
0-1

[Event "Madrid ch - Previa A 2013"]
[Site "Madrid ESP"]
[Date "2013.02.04"]
[Round "1.20"]
[White "Garcia Gonzalez, Pedro A"]
[Black "Casal Martin, Jose M"]
[Result "1-0"]
[WhiteElo "1830"]
[BlackElo "1483"]
[PlyCount "59"]
[EventDate "2013.02.04"]
[EventType "swiss"]
[EventRounds "9"]
[EventCountry "ESP"]
[Source "lmi"]
[SourceDate "2013.02.04"]

1. d4 Nf6 2. Nf3 g6 3. Bg5 Bg7 4. Nbd2 O-O 5. e4 d6 6. c3 c5 7. Bd3 cxd4 8.
cxd4 h6 9. Bh4 Nc6 10. Nb3 a5 11. a4 Nb4 12. Bb1 b6 13. O-O Ba6 14. Re1 Rc8 15.
d5 Nd7 16. Nbd4 Ne5 17. Ra3 Nc4 18. Rb3 Qd7 19. Rxb4 axb4 20. b3 Na5 21. e5
dxe5 22. Nc2 Rc3 23. Nxb4 Bb7 24. Nxe5 Qc7 25. Nec6 Bxc6 26. dxc6 Rd8 27. Nd5
Qd6 28. Nxe7+ Kh7 29. Nd5 Qxd5 30. Bxd8 1-0

[Event "Madrid ch - Previa A 2013"]
[Site "Madrid ESP"]
[Date "2013.02.04"]
[Round "1.21"]
[White "Barria Arbunic, Manuel"]
[Black "Montes De Santiago, Fernando"]
[Result "0-1"]
[WhiteElo "1478"]
[BlackElo "1826"]
[PlyCount "50"]
[EventDate "2013.02.04"]
[EventType "swiss"]
[EventRounds "9"]
[EventCountry "ESP"]
[Source "lmi"]
[SourceDate "2013.02.04"]

1. d4 d5 2. c4 e6 3. Nc3 c6 4. Nf3 dxc4 5. e3 b5 6. a4 Bb4 7. Bd2 Bxc3 8. Bxc3
a5 9. axb5 cxb5 10. b3 Bb7 11. bxc4 b4 12. Bb2 Nf6 13. Bd3 O-O 14. O-O Nbd7 15.
Re1 Be4 16. Bxe4 Nxe4 17. Qc2 Ndf6 18. Nd2 Nxd2 19. Qxd2 Qc7 20. Rac1 Qb7 21.
Qc2 a4 22. Ba1 b3 23. Qe2 a3 24. Bc3 Ne4 25. Qf3 Rfb8 0-1

[Event "Madrid ch - Previa A 2013"]
[Site "Madrid ESP"]
[Date "2013.02.04"]
[Round "1.22"]
[White "Martinez Rubio, Felipe"]
[Black "De Mingo Matias, Jose Andres"]
[Result "1-0"]
[WhiteElo "1826"]
[BlackElo "1476"]
[PlyCount "93"]
[EventDate "2013.02.04"]
[EventType "swiss"]
[EventRounds "9"]
[EventCountry "ESP"]
[Source "lmi"]
[SourceDate "2013.02.04"]

1. d4 Nf6 2. Nf3 g6 3. c4 Bg7 4. Nc3 d5 5. cxd5 Nxd5 6. e4 Nxc3 7. bxc3 O-O 8.
Bc4 c5 9. Bb2 Qa5 10. O-O Rd8 11. Qb3 e6 12. Rad1 cxd4 13. cxd4 a6 14. a4 Bd7
15. Ra1 Nc6 16. Bc3 Qc7 17. Rab1 Ne7 18. Rfc1 Rdb8 19. Ba1 Qf4 20. Re1 b5 21.
axb5 axb5 22. Bf1 Rb7 23. g3 Qb8 24. Bg2 b4 25. Bb2 Ba4 26. Qe3 Bc2 27. Ra1
Rxa1 28. Rxa1 b3 29. Ne1 Rc7 30. Nd3 Ra7 31. Rxa7 Qxa7 32. Nc1 Qa4 33. Bf1 Nc6
34. e5 Bf8 35. Bd3 Nb4 36. Bc4 Nd5 37. Bxb3 Bxb3 38. Qxb3 Qa5 39. Qd1 Qb4 40.
Nd3 Qb5 41. Qc2 Bb4 42. Qb3 Qb6 43. Nxb4 Qxb4 44. Qxb4 Nxb4 45. Kf1 Kf8 46. Ke2
Ke7 47. Ba3 1-0

[Event "Madrid ch - Previa A 2013"]
[Site "Madrid ESP"]
[Date "2013.02.04"]
[Round "1.23"]
[White "Barragan Arriaza, Pablo"]
[Black "Diaz Begonte, Manuel"]
[Result "0-1"]
[WhiteElo "1264"]
[BlackElo "1825"]
[PlyCount "116"]
[EventDate "2013.02.04"]
[EventType "swiss"]
[EventRounds "9"]
[EventCountry "ESP"]
[Source "lmi"]
[SourceDate "2013.02.04"]

1. c4 c6 2. e4 e6 3. Nc3 d5 4. exd5 exd5 5. d4 Nf6 6. Nf3 Bg4 7. h3 Bh5 8. Bg5
Be7 9. Bd3 dxc4 10. Bxc4 O-O 11. Be3 Nbd7 12. O-O a6 13. a3 Nb6 14. Bd3 Nbd5
15. Rc1 Re8 16. Re1 Qd6 17. Na4 Nxe3 18. Rxe3 Bxf3 19. Qxf3 Qxd4 20. Nc3 Qh4
21. Rce1 Bf8 22. Rxe8 Rxe8 23. Rxe8 Nxe8 24. Qe4 Qxe4 25. Bxe4 Nd6 26. Kf1 Nc4
27. Na4 Nd2+ 28. Ke2 Nxe4 29. f3 Nc5 30. Nc3 f5 31. Ke3 Kf7 32. b4 Ne6 33. Ne2
Bd6 34. Nd4 Nxd4 35. Kxd4 Ke6 36. g4 fxg4 37. hxg4 g5 38. Ke4 b6 39. Kd3 Kd5
40. Ke3 b5 41. Kd3 c5 42. Kc3 cxb4+ 43. axb4 Ke5 44. Kd3 Kf4 45. Ke2 Bxb4 46.
Kf2 a5 47. Ke2 a4 48. Kd1 Kxf3 49. Kc2 Kxg4 50. Kb2 h5 51. Kc2 h4 52. Kd3 h3
53. Kd4 h2 54. Kd5 a3 55. Kc6 a2 56. Kxb5 a1=Q 57. Kxb4 h1=R 58. Kc4 Rd1 0-1